000 01327nam a2200265 a 4500
001 000048536
005 20201002061227.0
008 190328s2013 dr a 000 j spa d
020 _a9789945874259
040 _aDO-SdBNP
_bspa
_cBNPHU
082 _axxx
_bN285c
245 0 0 _aNaturaleza y cuentos en la escuela /
_ctextos Indiana Ramírez Martínez ... [et al.] ; ilustraciones Arlette Espaillat ; coordinación editorial Tomiko Castro.
260 _aSanto Domingo :
_bFundación Propa-Gas,
_c2013.
300 _a32 p. :
_bil. ;
_c22 cm.
500 _aCuentos Infantiles Costarricenses
505 0 _aPrimer lugar
_tLa última mariposa --
_rIndiana Ramírez Martínez
_tSegundo lugar
_tLa aldea de Chipitín --
_rGregoria Margarita López
_tMenciones
_tEl Hada Rose --
_rIlka Janina González Ureña
_tSalvadores del hábitat --
_tLourdes Altagracia Ureña
_tDos gotitas de lluvía --
_rRosa Aura Ceballos
_tLa ciudad de los dientes --
_rIndiana Ramírez Martínez.
590 _aInventariado, 2019/LP
700 1 _aRamírez Martínez, Indiana
_975999
700 1 _aLópez, Gregoria Margarita,
_976000
700 1 _aGonzález Ureña, Ilka Janina
_976001
700 1 _aCeballos, Rosa Aura
_976002
700 1 _aUreña, Lourdes Altagracia
_976003
700 1 _aCastro,Tomiko,
_ecoord.
_976004
700 1 _aEspaillat, Arlette,
_eil.
_976005
999 _c48024
_d48024